25 plus grandes villes de Bretagne - Statistiques

Statistiques générales
  • Ce quiz a été pris 301 fois
  • Le résultat moyen est 14 sur 25
Statistiques - réponses
Hint Réponse % Correct
225 081 Rennes
100%
139 619 Brest
99%
57 846 Lorient
96%
63 642 Quimper
95%
54 420 Vannes
94%
47 323 Saint-Malo
90%
44 224 Saint-Brieuc
88%
20 607 Concarneau
65%
20 344 Lannion
62%
14 675 Dinan
61%
20 653 Fougères
61%
14 903 Morlaix
57%
14 774 Pontivy
53%
18 998 Vitré
47%
16 206 Landerneau
43%
23 026 Lanester
39%
17 716 Cesson-Sévigné
34%
14 222 Auray
33%
19 651 Bruz
33%
14 163 Douarnenez
30%
15 746 Hennebont
29%
15 460 Guipavas
26%
18 591 Ploemeur
22%
16 845 Lamballe-Armor
11%
14 704 Plérin
10%
Aucun quiz correspondant
Distribution des résultats
% des personnes avec chaque résultat
Percentile par nombre de réponses
Votre historique - résultats
Vous n’avez pas pris ce quiz